| 000 | 00665nam a22001817a 4500 | ||
|---|---|---|---|
| 008 | 141104t mx||||| |||| 00| 0 spa d | ||
| 020 | _a9786077290421 | ||
| 050 | 0 | 4 |
_aKGF3003.C9 _bC78 2013 |
| 100 | 1 | _aCruz Angulo Nobara, Javier | |
| 245 | 1 | 3 |
_aLa Comisión Nacional de los Derechos Humanos y la acción de inconstitucionalidad de ley / _cJavier Cruz Angulo Nobara. |
| 250 | _a1a ed. | ||
| 260 |
_aMéxico : _bComisión Nacional de los Derechos Humanos México, _c2013 |
||
| 300 |
_a47 p. : _bil. ; _c21 cm. |
||
| 490 | 0 | _aDe textos sobre Derechos Humanos | |
| 504 | _aBibliografía : p. 45 - 47 | ||
| 650 | 7 |
_2Lemb _aDerechos humanos _zMéxico |
|
| 942 |
_2ddc _cLIB |
||
| 999 |
_c69061 _d69061 |
||